000 00810nam0a22002531 4500
001 rc\4419049
005 20250612075827.0
021 _aRU
_b[62-46576]
035 _a(NLR Aleph) 008568925
090 _a8512944
_c8512944
100 _a20130416d1962 |||y0rusy50 ca
101 0 _arus
102 _aRU
105 _aab z |||c|
200 1 _aДонбасс
_eЭкон.-геогр. очерк
210 _aМосква
_cУчпедгиз
_d1962
215 _a127 с.
_cчерт., карт.
_d20
607 _aДонецкий угольный бассейн
_xЭкономическая география
_2psbo
700 1 _aЗамковой
_bВ.П.
_gВалентин Поликарпович
801 0 _aRU
_bNLR
_gpsbo
801 1 _aRU
_bELAR
_2rusmarc
852 _aNLR
_j62-3/3179
942 _cBOOK
980 _aNB